000 00338nam a2200157Ia 4500
100 _aRuskin Bond
650 _aFiciton
942 _cBK
366 _f20
654 _avagrants
245 _aRoom on the roof and vagrants in the valley
260 _bPenquin books
_c1993
082 _a808.83/RUS
300 _a223
546 _aENGLISH
999 _c20061
_d20061